| 000 | 00391nam a2200109Ia 4500 | ||
|---|---|---|---|
| 008 | 160909s9999 xx 000 0 und d | ||
| 100 | _aWelch, John C. | ||
| 245 | 4 | _aThe development of a new model for assessing African-American spirituality in palliative care | |
| 260 |
_bDuquesne University. _c2016 |
||
| 650 | _aNursing | ||
| 856 | _uhttp://pqdtopen.proquest.com/doc/1797427084.html?FMT=ABS | ||
| 999 |
_c303955 _d303955 |
||